[Event "Najdorf Mem Open A 2016"]
[Site "Warsaw POL"]
[Date "2016.07.13"]
[Round "6.7"]
[White "Sadzikowski, Daniel"]
[Black "Piorun, Kacper"]
[Result "0-1"]
[WhiteTitle "IM"]
[BlackTitle "GM"]
[WhiteElo "2551"]
[BlackElo "2685"]
[WhiteFideId "1132253"]
[BlackFideId "1130420"]
[EventDate "2016.07.08"]

1. e4 e5 2. Nf3 Nc6 3. Bb5 a6 4. Ba4 Nf6 5. O-O Be7 6. Re1 b5 7. Bb3 d6 8. c3
O-O 9. h3 Nb8 10. d4 Nbd7 11. Nbd2 Bb7 12. Bc2 Re8 13. Nf1 Bf8 14. Ng3 g6 15. a4
c5 16. d5 c4 17. Bg5 Nc5 18. Qd2 Be7 19. Bh6 Nfd7 20. Nh2 bxa4 21. Bxa4 Nxa4 22.
Rxa4 a5 23. Ng4 Ba6 24. Be3 Bf8 25. Ra2 Bb5 26. Kh2 Qe7 27. Nh6+ Kh8 28. Rh1 Bg7
29. Kg1 Qf8 30. h4 Nc5 31. h5 Nd3 32. hxg6 fxg6 33. Bg5 Bd7 34. Nf1 Nf4 35. Rh4
Bf6 36. Bxf6+ Qxf6 37. Rh2 Rf8 38. Kh1 Rac8 39. f3 a4 40. Qe3 Qg5 41. Qd2 Rb8
42. g3 Nh3 43. Kg2 a3 44. bxa3 Nf4+ 45. Kf2 Nd3+ 46. Kg2 Qf6 47. Qd1 Qxf3+ 48.
Qxf3 Ne1+ 49. Kh1 Nxf3 50. Rhb2 Kg7 51. Nh2 Ng5 52. N6g4 Nxe4 53. Ne3 Nxc3 54.
Rxb8 Rxb8 55. Rc2 Nxd5 56. Nxc4 Rc8 57. Kg1 Bb5 58. Ne3 Rxc2 59. Nxc2 Kf6 0-1

[Event "Najdorf Mem Open A 2016"]
[Site "Warsaw POL"]
[Date "2016.07.13"]
[Round "6.8"]
[White "Golubov, Saveliy"]
[Black "Zhigalko, Sergei"]
[Result "0-1"]
[WhiteTitle "IM"]
[BlackTitle "GM"]
[WhiteElo "2497"]
[BlackElo "2653"]
[WhiteFideId "24176729"]
[BlackFideId "13502956"]
[EventDate "2016.07.08"]

1. Nf3 Nf6 2. g3 d5 3. Bg2 c6 4. O-O Bg4 5. d3 e6 6. Nbd2 Be7 7. e4 O-O 8. Qe1
Nbd7 9. h3 Bh5 10. e5 Ne8 11. Nh2 Nc7 12. f4 f6 13. exf6 Bc5+ 14. Kh1 Qxf6 15.
Nb3 Bb6 16. c3 e5 17. g4 Bf7 18. f5 Rae8 19. Qg3 Qd8 20. h4 Nf6 21. Qh3 a5 22.
Bg5 a4 23. Nd2 a3 24. bxa3 Nb5 25. c4 Nd4 26. Rab1 Ne2 27. Nb3 dxc4 28. dxc4
Bxc4 29. Nd2 Bd5 30. Rfd1 Bd4 31. Rxb7 c5 32. Bxd5+ Qxd5+ 33. Qf3 e4 34. Qb3 e3+
35. Ndf3 c4 36. Qc2 Qxb7 37. Qxc4+ Kh8 38. Qxe2 Ne4 39. Rg1 Ba7 40. Bf4 Nf2+ 41.
Kg2 Re4 42. Bg3 Nxg4 43. Nxg4 Rxg4 44. Kh3 Qd5 45. Ng5 h5 0-1

[Event "Najdorf Mem Open A 2016"]
[Site "Warsaw POL"]
[Date "2016.07.13"]
[Round "6.9"]
[White "Warakomski, Tomasz"]
[Black "Gupta, Abhijeet"]
[Result "1/2-1/2"]
[WhiteTitle "IM"]
[BlackTitle "GM"]
[WhiteElo "2492"]
[BlackElo "2630"]
[WhiteFideId "1124552"]
[BlackFideId "5010608"]
[EventDate "2016.07.08"]

1. e4 c5 2. Nf3 d6 3. d4 cxd4 4. Nxd4 Nf6 5. Nc3 Nc6 6. Bg5 e6 7. Qd2 a6 8. Nxc6
bxc6 9. O-O-O h6 10. Bh4 d5 11. Bd3 Be7 12. Rhe1 d4 13. Na4 e5 14. f4 Ng4 15.
Bxe7 Qxe7 16. Nb6 Rb8 17. Nxc8 Rxc8 18. Bxa6 Rd8 19. f5 Qc5 20. h3 Ra8 21. hxg4
Rxa6 22. Kb1 Qa7 23. a3 O-O 24. Ka2 Rb8 25. Qc1 Rab6 26. b3 c5 27. Rd3 c4 28.
bxc4 Qa4 29. c5 Qc4+ 30. Ka1 Qxc5 31. Rb3 Rxb3 32. cxb3 Qxc1+ 33. Rxc1 Rxb3 34.
Ka2 Re3 35. a4 Rxe4 36. Kb3 d3 37. Rc8+ Kh7 38. Rd8 Re3 39. a5 d2+ 40. Kb4 Re4+
41. Kb3 Re3+ 42. Kb4 Re4+ 43. Kb3 Re3+ 44. Kb4 Re4+ 45. Kb3 1/2-1/2

[Event "Najdorf Mem Open A 2016"]
[Site "Warsaw POL"]
[Date "2016.07.13"]
[Round "6.10"]
[White "Smirnov, Anton"]
[Black "Perunovic, Milos"]
[Result "1/2-1/2"]
[WhiteTitle "IM"]
[BlackTitle "GM"]
[WhiteElo "2478"]
[BlackElo "2627"]
[WhiteFideId "3208923"]
[BlackFideId "921629"]
[EventDate "2016.07.08"]

1. e4 c5 2. Nf3 Nc6 3. Nc3 e6 4. d4 cxd4 5. Nxd4 Qc7 6. Be3 a6 7. Qd2 Nf6 8. f4
Bb4 9. Bd3 Na5 10. a3 Bxc3 11. Qxc3 Qxc3+ 12. bxc3 d5 13. e5 Ne4 14. Nb3 Nc4 15.
Bxc4 dxc4 16. Na5 Bd7 17. Bd4 Rc8 18. Rb1 b5 19. Ke2 Ke7 20. Rbd1 Bc6 21. Nxc6+
Rxc6 22. Kf3 f5 23. exf6+ Nxf6 24. Rhe1 Rf8 25. Re5 Nd5 26. Rxd5 exd5 27. Bxg7
Rg8 28. Bd4 h5 29. g3 Kf7 30. h3 Re6 31. Bf2 Rd8 32. g4 hxg4+ 33. hxg4 a5 34. f5
Re4 35. Rxd5 Rxd5 36. Kxe4 Rd2 37. Bd4 Rxc2 38. g5 Rg2 39. g6+ Kg8 40. Kd5 Kf8
41. Be5 Rg1 42. Ke6 b4 43. cxb4 axb4 44. axb4 Re1 45. g7+ Kg8 46. f6 Rxe5+ 47.
Kxe5 c3 48. Ke6 c2 49. Ke7 c1=Q 50. f7+ Kxg7 51. f8=Q+ Kg6 52. Qf6+ Kh5 53. Qe5+
Kh4 54. b5 Qa3+ 55. Kd7 Qa7+ 56. Qc7 Qd4+ 57. Kc8 Qg4+ 58. Qd7 Qc4+ 59. Kb7 Qe4+
60. Qc6 Qe7+ 61. Kb6 Qe3+ 62. Qc5 Qe6+ 63. Ka5 Qa2+ 64. Kb4 Qb1+ 65. Ka5 Qa2+
66. Kb6 Qe6+ 67. Qc6 Qe3+ 68. Ka6 Qa3+ 69. Kb7 Qe7+ 70. Qc7 Qe4+ 71. Ka6 Qa4+
72. Qa5 Qc4 73. Qd8+ Kh3 74. Qd7+ Kh4 75. Qe7+ Kh3 76. Kb6 Qd4+ 77. Qc5 Qd7 78.
Ka6 Qd3 79. Kb7 Kh4 80. Qe7+ Kh3 81. b6 Qd5+ 82. Kc7 Qc4+ 83. Kd8 Qg8+ 84. Qe8
Qg5+ 85. Kc8 Qc5+ 86. Kb7 Kh2 87. Qc6 Qf8 88. Ka7 Qf2 89. Kb8 Qd4 90. b7 Qd8+
91. Qc8 Qd4 92. Qc7+ Kg2 93. Qc6+ Kh2 94. Kc7 Qg7+ 95. Kb6 Qd4+ 96. Qc5 Qf6+ 97.
Kb5 Qb2+ 98. Kc6 Qg2+ 99. Qd5 Qc2+ 100. Kb5 Qb2+ 101. Ka4 Qa1+ 102. Kb4 Qb2+
103. Qb3 Qd4+ 104. Ka3 Qa7+ 105. Kb2 Qd4+ 106. Kc1 Qf4+ 107. Kb1 Qf1+ 108. Kc2
Qf2+ 109. Kc3 Qe3+ 110. Kb4 Qb6+ 111. Ka3 Qa7+ 112. Kb2 Qd4+ 113. Kc2 Qf2+ 114.
Kb1 1/2-1/2

[Event "Najdorf Mem Open A 2016"]
[Site "Warsaw POL"]
[Date "2016.07.13"]
[Round "6.11"]
[White "Feuerstack, Aljoscha"]
[Black "Neiksans, Arturs"]
[Result "0-1"]
[WhiteTitle "IM"]
[BlackTitle "GM"]
[WhiteElo "2454"]
[BlackElo "2614"]
[WhiteFideId "4681932"]
[BlackFideId "11601388"]
[EventDate "2016.07.08"]

1. e4 c5 2. c3 Nf6 3. e5 Nd5 4. Nf3 d6 5. Bc4 Nb6 6. Bb3 c4 7. Bc2 dxe5 8. Nxe5
Qd5 9. Qe2 f6 10. Nf3 Qe6 11. d4 cxd3 12. Bxd3 Qxe2+ 13. Bxe2 e5 14. O-O Nc6 15.
Re1 Be7 16. Nbd2 Be6 17. Bb5 Kf7 18. Ne4 Rhd8 19. b3 Nd5 20. Bxc6 bxc6 21. Neg5+
fxg5 22. Nxe5+ Kf6 23. Nxc6 Rd6 24. Nd4 h6 25. Bb2 Nf4 26. Re3 Kf7 27. c4 Bf6
28. Nb5 Rd2 29. Bxf6 Kxf6 30. Rae1 Bd7 31. Nc3 Bc6 0-1

[Event "Najdorf Mem Open A 2016"]
[Site "Warsaw POL"]
[Date "2016.07.13"]
[Round "6.12"]
[White "Salem, A.R. Saleh"]
[Black "Nguyen, Piotr"]
[Result "1-0"]
[WhiteTitle "GM"]
[BlackTitle "IM"]
[WhiteElo "2608"]
[BlackElo "2430"]
[WhiteFideId "9301348"]
[BlackFideId "1127993"]
[EventDate "2016.07.08"]

1. d4 f5 2. c4 Nf6 3. Nc3 d6 4. Bg5 Nbd7 5. Qc2 g6 6. O-O-O Bg7 7. h4 h6 8. Bxf6
Nxf6 9. Nh3 e6 10. Nf4 g5 11. hxg5 hxg5 12. Rxh8+ Bxh8 13. Nh3 g4 14. Nf4 Qe7
15. g3 Bd7 16. Bg2 O-O-O 17. Qb3 c6 18. Qa3 Ne4 19. Bxe4 fxe4 20. Qxa7 e5 21.
Qa8+ Kc7 22. Nfd5+ 1-0

[Event "Najdorf Mem Open A 2016"]
[Site "Warsaw POL"]
[Date "2016.07.13"]
[Round "6.13"]
[White "Socko, Bartosz"]
[Black "Bilguun, Sumiya"]
[Result "1-0"]
[WhiteTitle "GM"]
[BlackTitle "FM"]
[WhiteElo "2599"]
[BlackElo "2419"]
[WhiteFideId "1107038"]
[BlackFideId "4901541"]
[EventDate "2016.07.08"]

1. e4 c5 2. Nf3 e6 3. d4 cxd4 4. Nxd4 a6 5. Nc3 Qc7 6. Be2 b5 7. O-O Bb7 8. Re1
Nc6 9. Nxc6 dxc6 10. e5 Rd8 11. Bd3 c5 12. Qh5 g6 13. Qh3 Bg7 14. Bg5 Ne7 15.
Be4 Rd4 16. Bxb7 Qxb7 17. f3 Nf5 18. g4 h6 19. Bf6 Bxf6 20. gxf5 Bg5 21. fxe6
O-O 22. Ne4 fxe6 23. Qxe6+ Kg7 24. Qh3 Qe7 25. e6 Rf5 26. Kh1 Bf4 27. Re2 Re5
28. Qg4 g5 29. Rae1 Bd2 30. c3 Bxe1 31. cxd4 cxd4 32. Rxe1 d3 33. Rd1 1-0

[Event "Najdorf Mem Open A 2016"]
[Site "Warsaw POL"]
[Date "2016.07.13"]
[Round "6.14"]
[White "Donchenko, Alexander"]
[Black "Nasuta, Grzegorz"]
[Result "1/2-1/2"]
[WhiteTitle "GM"]
[BlackTitle "IM"]
[WhiteElo "2583"]
[BlackElo "2417"]
[WhiteFideId "24603295"]
[BlackFideId "1141686"]
[EventDate "2016.07.08"]

1. Nf3 c5 2. c4 Nc6 3. Nc3 g6 4. e3 Nf6 5. d4 cxd4 6. exd4 d5 7. cxd5 Nxd5 8.
Qb3 e6 9. Bg5 Be7 10. Bh6 Bf8 11. Bg5 Be7 12. Bh6 Bf8 13. Bxf8 Kxf8 14. Bb5 Nce7
15. O-O Kg7 16. Rfe1 Qb6 17. Rac1 Rd8 18. Nxd5 Nxd5 19. Bc4 Qxb3 20. Bxb3 Ne7
21. Ne5 Rxd4 22. Rc7 Kf8 23. Re3 f6 24. Rf3 Ke8 25. Rxf6 Nd5 26. Rff7 Nxc7 27.
Rxc7 Re4 28. f4 g5 29. Nf7 1/2-1/2

[Event "Najdorf Mem Open A 2016"]
[Site "Warsaw POL"]
[Date "2016.07.13"]
[Round "6.15"]
[White "Lalith, Babu M R"]
[Black "Szczepkowska-Horowska, Karina"]
[Result "1-0"]
[WhiteTitle "GM"]
[BlackTitle "WGM"]
[WhiteElo "2565"]
[BlackElo "2411"]
[WhiteFideId "5024595"]
[BlackFideId "1122681"]
[EventDate "2016.07.08"]

1. Nf3 c5 2. c4 Nf6 3. Nc3 Nc6 4. d4 cxd4 5. Nxd4 g6 6. e4 Nxd4 7. Qxd4 d6 8.
Be2 Bg7 9. Bg5 O-O 10. Qd2 a5 11. O-O a4 12. f4 Qa5 13. Kh1 Be6 14. Rac1 Rfc8
15. b3 axb3 16. axb3 b5 17. f5 b4 18. fxe6 bxc3 19. exf7+ Kh8 20. Qe3 Qc5 21.
Rxc3 Nxe4 22. Qxe4 Qxg5 23. Re3 Bf6 24. Bg4 Rf8 25. Be6 Kg7 26. b4 Ra4 27. b5
Qc5 28. Bd5 Rb8 29. Ref3 Rf8 30. Re3 Rb8 31. h4 Ra3 32. Ree1 Rf8 33. h5 Be5 34.
Qh4 h6 35. Rxe5 dxe5 36. Qg4 g5 37. Qf5 Qd6 38. Be4 1-0

[Event "Najdorf Mem Open A 2016"]
[Site "Warsaw POL"]
[Date "2016.07.13"]
[Round "6.16"]
[White "Jones, Gawain C B"]
[Black "Romanishin, Oleg M"]
[Result "1-0"]
[WhiteTitle "GM"]
[BlackTitle "GM"]
[WhiteElo "2650"]
[BlackElo "2433"]
[WhiteFideId "409561"]
[BlackFideId "14100088"]
[EventDate "2016.07.08"]

1. e4 e5 2. Nf3 Nc6 3. d4 exd4 4. Nxd4 Bc5 5. Nxc6 Qf6 6. Qf3 dxc6 7. Nc3 Be6 8.
Be3 Bb4 9. Bd2 Qxf3 10. gxf3 Ne7 11. O-O-O O-O 12. a3 Bc5 13. Be3 Bxe3+ 14. fxe3
f5 15. Bh3 Bc8 16. Rhg1 fxe4 17. Bxc8 Raxc8 18. Rd7 Ng6 19. f4 Rf7 20. Rxf7 Kxf7
21. Nxe4 h6 22. Nc5 Re8 23. Re1 b6 24. Nd3 c5 25. b3 Re4 26. Kd2 Kf6 27. Rg1 Re7
28. Rg4 a5 29. a4 Re8 30. Nf2 Rd8+ 31. Ke2 Re8 32. Kf3 Kf7 33. e4 Ne7 34. Nd3
Nc6 35. c3 Rd8 36. Ke2 g6 37. Rg1 Kf6 38. Nf2 Re8 39. Kf3 g5 40. Ng4+ Kg7 41.
Ne3 Kf7 42. fxg5 Ne5+ 43. Ke2 hxg5 44. Rxg5 Ng6 45. Kd3 Rd8+ 46. Kc2 Re8 47. Rg4
Rh8 48. Rg2 Rh4 49. Rf2+ Ke6 50. Nd5 Ke5 51. Nxc7 Nf4 52. Nb5 Rh6 53. Rd2 Rg6
54. Na3 Kxe4 55. Nc4 Rh6 56. Rf2 Nd5 57. Re2+ Kf4 58. Kb2 Rh3 59. Rd2 Nxc3 60.
Nxb6 Ne4 61. Rc2 Rh6 62. Nc4 Ra6 63. Ka3 Ra7 64. Rc1 Nf2 65. Nb2 Rc7 66. Rf1 Ke3
67. Nc4+ Ke2 68. Rc1 Ra7 69. Rc2+ Ke1 70. Ne5 Ne4 71. Rc4 1-0

[Event "Najdorf Mem Open A 2016"]
[Site "Warsaw POL"]
[Date "2016.07.13"]
[Round "6.17"]
[White "Oleksiyenko, Mykhaylo"]
[Black "Skliarov, Viktor"]
[Result "1-0"]
[WhiteTitle "GM"]
[BlackTitle "FM"]
[WhiteElo "2615"]
[BlackElo "2429"]
[WhiteFideId "4152417"]
[BlackFideId "14106736"]
[EventDate "2016.07.08"]

1. e4 c5 2. Nf3 Nc6 3. d4 cxd4 4. Nxd4 Nf6 5. Nc3 e5 6. Ndb5 d6 7. Bg5 a6 8. Na3
b5 9. Bxf6 gxf6 10. Nd5 f5 11. Bd3 Be6 12. c3 Bg7 13. Qh5 O-O 14. exf5 Bxd5 15.
f6 e4 16. fxg7 Re8 17. Be2 Re5 18. Qh6 Qg5 19. Qxg5 Rxg5 20. Nc2 Be6 21. O-O Rd5
22. Rfd1 Rxd1+ 23. Rxd1 Rd8 24. Nd4 Nxd4 25. Rxd4 Bxa2 26. Rxe4 d5 27. Rd4 Re8
28. Kf1 Kxg7 29. f3 Kf6 30. Kf2 Ke5 31. Rd1 Bb3 32. Bxb5 Bxd1 33. Bxe8 f5 34.
Ke3 f4+ 35. Kd2 Bb3 36. g4 a5 37. g5 d4 38. cxd4+ Kxd4 39. Bc6 Bg8 40. Be4 Kc4
41. Bc2 Kd4 42. Be4 Kc4 43. h4 Bd5 44. Bxh7 Bxf3 45. g6 Be4 46. Bg8+ Kd4 47. g7 1-0

[Event "Najdorf Mem Open A 2016"]
[Site "Warsaw POL"]
[Date "2016.07.13"]
[Round "6.18"]
[White "Yilmazyerli, Mert"]
[Black "Bok, Benjamin"]
[Result "1/2-1/2"]
[WhiteTitle "IM"]
[BlackTitle "GM"]
[WhiteElo "2424"]
[BlackElo "2613"]
[WhiteFideId "6305962"]
[BlackFideId "1017063"]
[EventDate "2016.07.08"]

1. g3 d5 2. Nf3 c6 3. Bg2 Bg4 4. c4 e6 5. cxd5 exd5 6. h3 Bxf3 7. Bxf3 Nd7 8. d4
Bd6 9. Nc3 Ngf6 10. O-O O-O 11. e3 Re8 12. Bd2 Nb6 13. Bg2 Qd7 14. Qc2 Nc4 15.
Rae1 Bb4 16. Nb1 Nxd2 17. Nxd2 Re7 18. Rc1 Bxd2 19. Qxd2 Rae8 20. a4 h5 21. h4
Qf5 22. Qc2 Ne4 23. Bxe4 1/2-1/2

[Event "Najdorf Mem Open A 2016"]
[Site "Warsaw POL"]
[Date "2016.07.13"]
[Round "6.19"]
[White "Menezes, Christoph"]
[Black "Mista, Aleksander"]
[Result "1/2-1/2"]
[WhiteTitle "IM"]
[BlackTitle "GM"]
[WhiteElo "2398"]
[BlackElo "2584"]
[WhiteFideId "1617001"]
[BlackFideId "1110381"]
[EventDate "2016.07.08"]

1. d4 Nf6 2. c4 g6 3. Nc3 d5 4. cxd5 Nxd5 5. e4 Nxc3 6. bxc3 Bg7 7. Qa4+ Nd7 8.
Nf3 O-O 9. Be2 c5 10. O-O a6 11. Rd1 b5 12. Qc2 Qc7 13. d5 Ne5 14. Nxe5 Bxe5 15.
g3 Rd8 16. Rb1 c4 17. a4 Qa5 18. Ba3 Qxc3 19. Qa2 Bf6 20. Bb4 Qe5 21. axb5 Qxe4
22. Qxc4 Qxc4 23. Bxc4 Bf5 24. Bd3 Bxd3 25. Rxd3 axb5 26. Rbb3 Rd7 27. Bc5 Rb8
28. Kg2 Kg7 29. Kf3 Be5 30. Ke4 Bd6 31. Rdc3 b4 32. Bxd6 Rxd6 33. Rc6 Rd7 34.
Kd4 Rbd8 35. Rxb4 Rxd5+ 36. Ke3 Re5+ 37. Re4 Rxe4+ 38. Kxe4 g5 39. Rb6 e6 40.
Kf3 Rd4 41. h3 h5 42. Ke3 Ra4 43. Kf3 h4 44. g4 Ra3+ 45. Kg2 Rd3 46. Rb8 Rd7 47.
Re8 Kf6 48. Rg8 Rd5 49. Rf8 Ke7 50. Rg8 Ra5 51. Kf3 Ra3+ 52. Kg2 f6 53. Rb8 Rd3
54. Rb6 Rd6 55. Rb7+ Rd7 56. Rb6 e5 57. Kf3 Rd3+ 58. Kg2 Rd6 59. Rb5 Ke6 60. Kf3
Rd3+ 61. Kg2 e4 62. Ra5 Rd2 63. Kg1 Rd5 64. Ra6+ Ke5 65. Rb6 Rd6 66. Rb5+ Kd4
67. Rb4+ Kd3 68. Ra4 Rc6 69. Kg2 Rc2 70. Ra3+ Kd4 71. Ra4+ Kd5 72. Ra5+ Rc5 73.
Ra4 Ke5 74. Ra6 Rd5 75. Rb6 Ra5 76. Rb3 Ra2 77. Rb5+ Kd4 78. Rb4+ Kd3 79. Rb3+
Kc4 80. Re3 Kd4 81. Rb3 Re2 82. Kf1 Rc2 83. Rb6 Ke5 84. Rb5+ Kd6 85. Rb6+ Rc6
86. Rb4 Ke5 87. Rb5+ Kd4 88. Kg2 Rc5 89. Rb6 Ke5 90. Ra6 f5 91. gxf5 Kxf5 92.
Ra8 Kf4 93. Rf8+ Rf5 94. Rg8 Rf7 95. Rg6 Kf5 96. Rg8 Kf6 97. Re8 Kf5 98. f3
exf3+ 99. Kxf3 Ra7 100. Re2 Ra3+ 101. Kg2 Rg3+ 102. Kh2 Kf4 103. Rf2+ Rf3 104.
Rg2 Rd3 105. Rg4+ Kf5 106. Kg2 Re3 107. Kh2 Re2+ 108. Kg1 Re3 109. Kh2 Re2+ 110.
Kg1 Re4 111. Rg2 Rd4 112. Kh2 Rd5 113. Rg4 Re5 114. Kg1 Re2 115. Kh1 Re1+ 116.
Kh2 Re2+ 1/2-1/2

[Event "Najdorf Mem Open A 2016"]
[Site "Warsaw POL"]
[Date "2016.07.13"]
[Round "6.20"]
[White "Tomczak, Jacek"]
[Black "Krysztofiak, Marcin"]
[Result "1-0"]
[WhiteTitle "GM"]
[BlackTitle "IM"]
[WhiteElo "2583"]
[BlackElo "2384"]
[WhiteFideId "1124668"]
[BlackFideId "1114751"]
[EventDate "2016.07.08"]

1. e4 e5 2. Nf3 Nc6 3. Bb5 Nf6 4. d3 d6 5. O-O g6 6. c3 Bg7 7. d4 Bd7 8. Re1 O-O
9. d5 Ne7 10. c4 Bg4 11. h3 Bxf3 12. Qxf3 Kh8 13. Qa3 Nfg8 14. c5 f5 15. Nd2 Nf6
16. f3 Bh6 17. Nc4 Bxc1 18. Raxc1 fxe4 19. fxe4 a6 20. Ba4 b5 21. cxb6 cxb6 22.
Bc6 Nxc6 23. dxc6 Ne8 24. Nxe5 Qg5 25. Nd7 1-0

[Event "Najdorf Mem Open A 2016"]
[Site "Warsaw POL"]
[Date "2016.07.13"]
[Round "6.21"]
[White "Tania, Sachdev"]
[Black "Macieja, Bartlomiej"]
[Result "0-1"]
[WhiteTitle "IM"]
[BlackTitle "GM"]
[WhiteElo "2398"]
[BlackElo "2557"]
[WhiteFideId "5007844"]
[BlackFideId "1104306"]
[EventDate "2016.07.08"]

1. d4 Nf6 2. c4 e6 3. Nf3 d5 4. Nc3 c6 5. g3 dxc4 6. Bg2 b5 7. Ne5 a6 8. a4 Bb7
9. O-O Qc8 10. e4 Bb4 11. Be3 O-O 12. Qc2 Nbd7 13. f4 c5 14. axb5 cxd4 15. bxa6
Rxa6 16. Rxa6 Bxa6 17. Bxd4 Nxe5 18. fxe5 Bc5 19. Ne2 Ng4 20. Qc3 Rd8 21. Ra1
Bxd4+ 22. Nxd4 Qc5 23. Ra5 Qxd4+ 24. Qxd4 Rxd4 25. Bf3 h5 26. Rxa6 g6 27. Ra5
Rd2 28. Bxg4 hxg4 29. Rb5 Re2 30. Rb4 Rxe4 31. b3 Rxe5 32. Rxc4 Re1+ 33. Kf2 Rh1
34. Kg2 Rb1 35. Rxg4 Rb2+ 36. Kg1 Rb1+ 37. Kf2 Rb2+ 38. Kg1 Rxb3 39. h4 Kh7 40.
Kg2 f5 41. Ra4 Rb2+ 42. Kf3 Kh6 43. g4 e5 44. Ra6 e4+ 45. Kf4 Rf2+ 46. Kg3 Rf3+
47. Kg2 f4 48. h5 Rg3+ 49. Kf2 Rxg4 50. hxg6 Rxg6 51. Ra5 Rg3 52. Rf5 e3+ 53.
Ke2 Rg2+ 54. Ke1 Rf2 55. Re5 Kg6 56. Ra5 Rb2 57. Re5 Kf6 0-1

[Event "Najdorf Mem Open A 2016"]
[Site "Warsaw POL"]
[Date "2016.07.13"]
[Round "6.22"]
[White "Rozentalis, Eduardas"]
[Black "Bartel, Marta"]
[Result "1-0"]
[WhiteTitle "GM"]
[BlackTitle "WGM"]
[WhiteElo "2552"]
[BlackElo "2260"]
[WhiteFideId "12800023"]
[BlackFideId "1123009"]
[EventDate "2016.07.08"]

1. e4 c5 2. Nf3 d6 3. Bb5+ Nd7 4. O-O a6 5. Bxd7+ Bxd7 6. d4 cxd4 7. Qxd4 Rc8 8.
a4 e5 9. Qd3 h6 10. c4 Be7 11. Nc3 Nf6 12. a5 O-O 13. Be3 Qc7 14. b3 Rfe8 15. h3
Be6 16. Rfd1 Bf8 17. Ne1 g6 18. Ra2 Qe7 19. Rad2 Qc7 20. Bb6 Qe7 21. Qf3 Nh5 22.
Nd5 Bxd5 23. Rxd5 Qf6 24. Be3 Kg7 25. R5d2 Qxf3 26. gxf3 Kf6 27. Nc2 Ke6 28. Nb4
f5 29. Nd5 Nf6 30. Nxf6 Kxf6 31. Kf1 Rc6 32. Ke2 Rec8 33. Rd5 Re8 34. Kd3 Be7
35. f4 fxe4+ 36. Kxe4 exf4 37. Kxf4 Ke6 38. Kf3 Rf8+ 39. Ke4 g5 40. f4 gxf4 41.
Bxf4 Rg8 42. R1d3 Rg6 43. Rh5 Bf8 44. Re3 Bg7 45. Kd3+ Kd7 46. Rf5 Bf6 47. b4
Rc8 48. c5 Bg5 49. Bxg5 hxg5 50. Rf7+ Kc6 51. cxd6 Rxd6+ 52. Ke2 Rb8 53. Re5 Rh6
54. Rxg5 b6 55. Ra7 Rxh3 56. Rxa6 Rb3 57. Rxb6+ Rxb6 58. Rg6+ Kb7 59. Rxb6+ Ka7
60. Kd2 Rh3 61. Kc2 Ra3 62. Kb2 Rh3 63. Rc6 Kb7 64. Rc3 Rh1 65. Kb3 Ka6 66. Rc6+
Kb7 67. Rb6+ Ka7 68. Rd6 Kb7 69. Kc4 Ka7 70. Kc5 Rh5+ 71. Rd5 Rh7 72. b5 Rc7+
73. Kb4 Rc1 74. Rd7+ Kb8 75. b6 1-0

[Event "Najdorf Mem Open A 2016"]
[Site "Warsaw POL"]
[Date "2016.07.13"]
[Round "6.23"]
[White "Deszczynski, Adam"]
[Black "Sengupta, Deep"]
[Result "1/2-1/2"]
[BlackTitle "GM"]
[WhiteElo "2366"]
[BlackElo "2551"]
[WhiteFideId "1102753"]
[BlackFideId "5008352"]
[EventDate "2016.07.08"]

1. e4 c6 2. Nc3 d5 3. d4 dxe4 4. Nxe4 Bf5 5. Ng3 Bg6 6. Nf3 Nd7 7. h4 h6 8. h5
Bh7 9. Bd3 Bxd3 10. Qxd3 e6 11. Bf4 Qa5+ 12. Bd2 Bb4 13. c3 Be7 14. c4 Qc7 15.
Bc3 Ngf6 16. Ne5 c5 17. Nxd7 Qxd7 18. O-O-O O-O-O 19. Qe2 cxd4 20. Bxd4 Qc6 21.
Kb1 Qxg2 22. Bxa7 Bd6 23. Rhg1 Qc6 24. Bd4 Bxg3 25. fxg3 Rd6 26. Be5 Rxd1+ 27.
Rxd1 Rd8 28. Rxd8+ Kxd8 29. Bxf6+ gxf6 30. b3 f5 31. Kb2 Ke7 32. b4 Qd6 33. Qe1
f4 34. gxf4 Qxf4 35. Qh1 Qd4+ 36. Kb3 Qd3+ 37. Kb2 Qd7 38. Qh4+ f6 39. Qf4 f5
40. c5 Qb5 41. Kc3 Qa6 42. Qc7+ Kf6 43. Qd8+ Kf7 44. Qc7+ 1/2-1/2

[Event "Najdorf Mem Open A 2016"]
[Site "Warsaw POL"]
[Date "2016.07.13"]
[Round "6.24"]
[White "Abdumalik, Zhansaya"]
[Black "Indjic, Aleksandar"]
[Result "0-1"]
[WhiteTitle "WGM"]
[BlackTitle "GM"]
[WhiteElo "2382"]
[BlackElo "2547"]
[WhiteFideId "13703544"]
[BlackFideId "911925"]
[EventDate "2016.07.08"]

1. e4 Nf6 2. e5 Nd5 3. d4 d6 4. Nf3 Bg4 5. h3 Bh5 6. Be2 e6 7. O-O Be7 8. Ne1
Bg6 9. Bd3 dxe5 10. dxe5 Nc6 11. Qe2 Nd4 12. Qg4 c5 13. c3 Nc6 14. Qe2 Qd7 15.
f4 O-O-O 16. Bc2 f6 17. Nf3 Bh5 18. Na3 f5 19. Nc4 h6 20. g4 fxg4 21. Nfd2 g5
22. hxg4 Bxg4 23. Qxg4 gxf4 24. Qe2 b5 25. Na3 Rhg8+ 26. Kh1 Ne3 27. Rxf4 Nxc2
28. Nxc2 Bg5 29. Rf2 Bxd2 30. Bxd2 Qd5+ 31. Kh2 Nxe5 32. Ne3 Qe4 33. Ng2 Ng4+
34. Kg1 Nxf2 35. Qxe4 Nxe4 36. Bxh6 Rg6 37. Re1 Nd2 38. Bxd2 Rxd2 0-1

[Event "Najdorf Mem Open A 2016"]
[Site "Warsaw POL"]
[Date "2016.07.13"]
[Round "6.25"]
[White "Lewtak, Damian"]
[Black "Aryan, Chopra"]
[Result "1/2-1/2"]
[BlackTitle "IM"]
[WhiteElo "2363"]
[BlackElo "2483"]
[WhiteFideId "1141724"]
[BlackFideId "5084423"]
[EventDate "2016.07.08"]

1. d4 d5 2. c4 c6 3. cxd5 cxd5 4. Nc3 Nf6 5. Bf4 Nc6 6. e3 a6 7. h3 Bf5 8. Bd3
Bxd3 9. Qxd3 e6 10. Nge2 Be7 11. Rc1 O-O 12. O-O b5 13. f3 Qd7 14. b3 Rac8 15.
a4 Nb4 16. Qb1 bxa4 17. Nxa4 Qb5 18. Rxc8 Rxc8 19. Rc1 Re8 20. Nac3 Qd3 21. Qxd3
Nxd3 22. Ra1 Nxf4 23. Nxf4 Rc8 24. Na4 Nd7 25. Nd3 Rb8 26. Rb1 Kf8 27. Kf1 Ke8
28. Ke2 Kd8 29. Kd2 Rb5 30. Nc3 Rb6 31. Rb2 Kc7 32. Na4 Rb5 33. Nc3 1/2-1/2

[Event "Najdorf Mem Open A 2016"]
[Site "Warsaw POL"]
[Date "2016.07.13"]
[Round "6.26"]
[White "Niekras, Dawid"]
[Black "Dastan, Muhammed Batuhan"]
[Result "0-1"]
[BlackTitle "IM"]
[WhiteElo "2255"]
[BlackElo "2480"]
[WhiteFideId "1160451"]
[BlackFideId "6300014"]
[EventDate "2016.07.08"]

1. e4 c5 2. Nf3 d6 3. d4 cxd4 4. Nxd4 Nf6 5. Nc3 a6 6. Bc4 e6 7. Bb3 Nbd7 8. O-O
Nc5 9. Qe2 Be7 10. f4 O-O 11. Kh1 Qc7 12. e5 Nfd7 13. exd6 Bxd6 14. f5 Nxb3 15.
axb3 Be5 16. Be3 Nf6 17. fxe6 Bxe6 18. Nxe6 fxe6 19. Bg1 Rfe8 20. Rf3 Bd6 21.
Ne4 Be5 22. c3 Qc6 23. Ng5 Bc7 24. Re1 e5 25. Re3 Rad8 26. Ne4 Nd5 27. Rg3 Nf4
28. Qc4+ Qxc4 29. bxc4 Re6 30. Rf3 Rc6 31. b3 a5 32. g3 Ne6 33. Ra1 b6 34. Kg2
Rb8 35. Rd3 Kf7 36. Rd5 h6 37. Be3 Nf8 38. Kf3 Ke6 39. Ke2 Ra8 40. Ra4 Nd7 41.
Rb5 Nf6 42. Nf2 h5 43. h3 Kf5 44. Kf3 Rf8 45. Ra1 Kg6 46. Ke2 Re8 47. Ra2 Kf7
48. g4 hxg4 49. hxg4 Rh8 50. g5 Nh5 51. Kf3 Kg6 52. Ne4 Nf4 53. Bxf4 exf4 54.
Kg4 Re6 55. Re2 Ree8 56. c5 f3 57. Kxf3 Rh3+ 58. Kg2 Rh2+ 59. Kf3 Rxe2 60. cxb6
R8xe4 61. bxc7 R2e3+ 62. Kf2 Rxc3 63. Rxa5 Rxc7 0-1